=LDR 00000nam 2200000 4500 =001 INLIS000000000041556 =005 20200910091701 =035 ##$$a 0010-061300000041556 =008 200910################g##########0#ind## =041 ##$$a iND =082 ##$$a 2x1.4 =090 ##$$a 2x1.4, aUL B =100 ##$$a Aulia, Mudhofir =245 1#$$a Kemuliaan basmalah dan khasiatnya /$c Mudhofir Aulia =260 ##$$a Demak :$b Media Ilmu,$c 2001 =300 ##$$a 76 hlm. ; $c 14 x 21 cm. =650 #4$$a Ilmu Al- qur'an =850 ##$$a NBPNMAT =084 ##$$a 2x1.4 AUL k =990 ##$$a 162.725 pro.2001